[Event "9th Asia-ch"]
[Site "Mashhad IRI"]
[Date "2011.05.04"]
[Round "3.6"]
[White "Zhou Weiqi"]
[Black "Megaranto, Susanto"]
[Result "1/2-1/2"]
[WhiteElo "2610"]
[BlackElo "2529"]
[EventDate "2011.05.02"]
[PlyCount "117"]

1.Nf3 Nf6 2.c4 e6 3.Nc3 Bb4 4.Qc2 O-O 5.a3 Bxc3 6.Qxc3 b6 7.e3 a5 8.b3 Bb7
9.Bb2 d6 10.Be2 Nbd7 11.O-O Qe7 12.b4 h6 13.d3 axb4 14.axb4 c5 15.b5 Rfc8 
16.Nd2 Qf8 17.Qb3 Rxa1 18.Rxa1 Ra8 19.Ra3 Rxa3 20.Qxa3 Qa8 21.Qxa8+ Bxa8 
22.f4 Kf8 23.Kf2 Ng8 24.g4 f6 25.Kg3 Kf7 26.h4 Ne7 27.h5 e5 28.d4 exd4 29.
exd4 cxd4 30.Bxd4 Nc5 31.Kf2 Ke6 32.Ke3 Bg2 33.Bd1 Bh1 34.Nf1 Bb7 35.Ng3 
Kf7 36.Kd2 Bg2 37.Be3 Bb7 38.Kc3 d5 39.Bd4 Ke6 40.g5 dxc4 41.Kxc4 Bd5+ 42.
Kc3 Bg2 43.g6 Kd6 44.Bc2 Bh3 45.Kb4 Nd5+ 46.Kc4 Nxf4 47.Bxc5+ bxc5 48.Ne4+
Ke5 49.b6 Bc8 50.Nxc5 Nxh5 51.Ba4 Nf4 52.Bc6 Kd6 53.b7 Bxb7 54.Bxb7 Nxg6 
55.Kd4 f5 56.Nd3 Ke6 57.Ke3 Kf6 58.Bc8 Nf8 59.Bb7 1/2-1/2

[Event "9th Asia-ch"]
[Site "Mashhad IRI"]
[Date "2011.05.04"]
[Round "3.7"]
[White "Pourramezanali, Amirreza"]
[Black "Cao Sang"]
[Result "1-0"]
[WhiteElo "2330"]
[BlackElo "2547"]
[EventDate "2011.05.02"]
[PlyCount "118"]

1.e4 e6 2.Nf3 d5 3.Nc3 Nf6 4.e5 Nfd7 5.d4 c5 6.Bg5 Qb6 7.dxc5 Bxc5 8.Qd2 
Nc6 9.O-O-O h6 10.Bh4 Qa5 11.a3 a6 12.Kb1 b5 13.Nxd5 b4 14.axb4 Nxb4 15.
Nxb4 Bxb4 16.c3 Bc5 17.Nd4 Qb6 18.f4 Rb8 19.Bc4 O-O 20.Rhe1 Bxd4 21.cxd4 
Qc6 22.Rc1 Nb6 23.Bb3 Qb5 24.Re3 Nd5 25.Rg3 Qxb3 26.Rxb3 Rxb3 27.Rc5 Bb7 
28.Qd1 Rb6 29.Qc1 Nb4 30.Qe3 Nd5 31.Qg3 Kh8 32.Qa3 Rb8 33.Ka1 Nxf4 34.Bd8 
Rxd8 35.Qa5 Rxd4 36.Qxb6 Ra4+ 37.Kb1 Be4+ 38.Kc1 Nd3+ 39.Kd2 Nxc5 40.Qxc5 
Kh7 41.g3 Bg6 42.Kc3 Ra1 43.Qa7 h5 44.b4 Ra2 45.Kb3 Rxh2 46.Qxa6 Rh3 47.b5
Rxg3+ 48.Kb4 Be4 49.b6 Bd5 50.Kc5 g5 51.Qf1 Rf3 52.Qb1+ Kh6 53.b7 Bxb7 54.
Qxb7 Rf1 55.Qb8 h4 56.Qh8+ Kg6 57.Kd6 Kf5 58.Qh5 Ke4 59.Qxg5 Rf4 1-0

[Event "9th Asia-ch"]
[Site "Mashhad IRI"]
[Date "2011.05.04"]
[Round "3.8"]
[White "Wen Yang"]
[Black "Ismagambetov, Anuar"]
[Result "1-0"]
[WhiteElo "2545"]
[BlackElo "2500"]
[EventDate "2011.05.02"]
[PlyCount "107"]

1.d4 Nf6 2.c4 e6 3.g3 d5 4.Nf3 dxc4 5.Bg2 Bd7 6.Ne5 Bc6 7.Nxc6 Nxc6 8.O-O 
Qd7 9.e3 O-O-O 10.Qa4 Nd5 11.Qxc4 h5 12.Rd1 h4 13.Qe2 hxg3 14.hxg3 f5 15.
Nc3 Kb8 16.e4 fxe4 17.Nxe4 Be7 18.Bg5 Nf6 19.Nxf6 gxf6 20.d5 Ne5 21.Be3 
exd5 22.Rxd5 Qc8 23.Rb5 c6 24.Rc1 cxb5 25.Rxc8+ Rxc8 26.Qxb5 Nc6 27.Qa4 a6
28.Bf4+ Ka8 29.b4 Rh5 30.Bf3 Rf5 31.a3 Rxf4 32.gxf4 Kb8 33.Qd1 Rc7 34.Bxc6
Rxc6 35.Qd7 Rc7 36.Qe8+ Ka7 37.Kg2 b6 38.Kf3 Kb7 39.Kg4 Bd6 40.Qe6 Be7 41.
Kf5 a5 42.bxa5 bxa5 43.a4 Bc5 44.Qb3+ Kc8 45.Kxf6 Bxf2 46.Qg8+ Kd7 47.Qd5+
Kc8 48.Qa8+ Kd7 49.Qd5+ Kc8 50.Qxa5 Rc6+ 51.Kf7 Bd4 52.Qd5 Rf6+ 53.Ke7 Ba1
54.Qa2 1-0

[Event "9th Asia-ch"]
[Site "Mashhad IRI"]
[Date "2011.05.04"]
[Round "3.9"]
[White "So, Wesley"]
[Black "Alavi Sayed, Javad"]
[Result "1-0"]
[WhiteElo "2667"]
[BlackElo "2428"]
[EventDate "2011.05.02"]
[PlyCount "79"]

1.d4 Nf6 2.c4 e6 3.Nf3 d5 4.g3 dxc4 5.Bg2 a6 6.O-O Nc6 7.Nc3 Be7 8.Qa4 O-O
9.Qxc4 Rb8 10.Bf4 Nd5 11.Rac1 Nxf4 12.gxf4 Bd6 13.e3 Bd7 14.Rfd1 Ne7 15.
Ne5 Be8 16.Ne4 Nf5 17.Nc5 c6 18.Nf3 Bc7 19.Kh1 Nh4 20.Nxh4 Qxh4 21.Ne4 Qg4
22.Rg1 Qf5 23.Ng5 g6 24.Be4 Qf6 25.Rg3 Kg7 26.h4 h5 27.Rcg1 Rh8 28.Nxe6+ 
Qxe6 29.Rxg6+ Qxg6 30.Bxg6 fxg6 31.Qe6 Bf7 32.Qd7 Rbc8 33.f5 Kf6 34.Rxg6+ 
Bxg6 35.Qe6+ Kg7 36.Qxg6+ Kf8 37.Qf6+ Kg8 38.Qe6+ Kg7 39.Qe7+ Kg8 40.f6 
1-0

[Event "9th Asia-ch"]
[Site "Mashhad IRI"]
[Date "2011.05.04"]
[Round "3.10"]
[White "Lu Shanglei"]
[Black "Nguyen Ngoc Truong Son"]
[Result "1/2-1/2"]
[WhiteElo "2473"]
[BlackElo "2635"]
[EventDate "2011.05.02"]
[PlyCount "65"]

1.e4 e6 2.d4 d5 3.Nd2 h6 4.Ngf3 Nf6 5.Bd3 c5 6.exd5 exd5 7.O-O c4 8.Re1+ 
Be7 9.Be2 Nc6 10.b3 cxb3 11.axb3 O-O 12.Bd3 Bd6 13.c3 Qc7 14.h3 Bd7 15.Nf1
Rfe8 16.Ne3 Bf4 17.Ra2 Rad8 18.Rae2 Qc8 19.Ng4 Bxg4 20.Rxe8+ Rxe8 21.Rxe8+
Nxe8 22.Bxf4 Bf5 23.c4 Bxd3 24.Qxd3 Qe6 25.Ne5 Nd6 26.Nxc6 bxc6 27.Bxd6 
Qxd6 28.c5 Qe7 29.Qa6 Qe1+ 30.Kh2 Qxf2 31.Qxc6 Qf4+ 32.Kh1 Qf1+ 33.Kh2 
1/2-1/2

[Event "9th Asia-ch"]
[Site "Mashhad IRI"]
[Date "2011.05.04"]
[Round "3.11"]
[White "Barbosa, Oliver"]
[Black "Ghaem Maghami, Ehsan"]
[Result "1/2-1/2"]
[WhiteElo "2506"]
[BlackElo "2606"]
[EventDate "2011.05.02"]
[PlyCount "80"]

1.d4 Nf6 2.c4 e6 3.g3 c5 4.Nf3 cxd4 5.Nxd4 Bb4+ 6.Bd2 Bc5 7.Nb3 Be7 8.Bg2 
Nc6 9.O-O b6 10.Nc3 O-O 11.Bf4 Bb7 12.Bd6 Bxd6 13.Qxd6 Qb8 14.Rfd1 Rd8 15.
c5 Qxd6 16.cxd6 Rab8 17.Nb5 a6 18.Nc7 a5 19.Nd2 Na7 20.e4 Ne8 21.Nc4 Bc6 
22.Rac1 f6 23.f4 Rb7 24.Nxe8 Rxe8 25.Kf2 Kf7 26.Ke3 Ra8 27.g4 Re8 28.Bf3 
Rbb8 29.g5 Rec8 30.Rc3 Bb5 31.Rdc1 fxg5 32.Ne5+ Kf6 33.h4 gxf4+ 34.Kxf4 
Rxc3 35.Rxc3 Rc8 36.Rb3 Rc5 37.Ng4+ Kf7 38.e5 Nc6 39.Bxc6 Bxc6 40.Ne3 h5 
1/2-1/2

[Event "9th Asia-ch"]
[Site "Mashhad IRI"]
[Date "2011.05.04"]
[Round "3.12"]
[White "Gopal, Geetha Narayanan"]
[Black "Lou Yiping"]
[Result "1/2-1/2"]
[WhiteElo "2592"]
[BlackElo "2435"]
[EventDate "2011.05.02"]
[PlyCount "127"]

1.d4 Nf6 2.Nf3 d5 3.c4 e6 4.Nc3 Be7 5.Bg5 h6 6.Bxf6 Bxf6 7.Qb3 c6 8.e3 O-O
9.Bd3 dxc4 10.Qxc4 Nd7 11.Rd1 Qb6 12.Rd2 Be7 13.Bb1 Rd8 14.O-O Nf8 15.e4 
Bd7 16.e5 Be8 17.a3 Qa5 18.Qb3 b5 19.Ne4 b4 20.axb4 Qxb4 21.Qe3 Qb8 22.h4 
h5 23.Rc1 a5 24.Ng3 g6 25.Ne4 Nh7 26.Nc5 a4 27.Be4 Ra5 28.Rc3 Qb4 29.Rdc2 
Qb6 30.g3 Rb8 31.Ne1 Qd8 32.Ned3 Nf8 33.Nf4 Rb4 34.Ne2 Rab5 35.Nd3 Rb3 36.
Rc4 a3 37.bxa3 Rxa3 38.Kh2 Rb1 39.R4c3 Rxc3 40.Rxc3 Ra1 41.Ndf4 Qb6 42.Qf3
Ra6 43.Nd3 Ra3 44.Ndf4 Rxc3 45.Qxc3 f6 46.exf6 Bxf6 47.Kg2 Qb5 48.Nd3 Be7 
49.Nef4 Bd6 50.Qc2 Qb6 51.Qc4 Qb5 52.Qc2 Qb6 53.Qc4 Qb5 54.Qc1 Qa4 55.Qe3 
Qb5 56.Bf3 Qf5 57.Nh3 Nh7 58.Nhf4 Nf8 59.Kg1 Kg7 60.Bg2 Qf6 61.Ne2 Kg8 62.
Nc3 Qf5 63.Na4 Be7 64.Kh2 1/2-1/2

[Event "9th Asia-ch"]
[Site "Mashhad IRI"]
[Date "2011.05.04"]
[Round "3.13"]
[White "Darini, Pouria"]
[Black "Zhao Jun"]
[Result "0-1"]
[WhiteElo "2471"]
[BlackElo "2574"]
[EventDate "2011.05.02"]
[PlyCount "97"]

1.e4 c5 2.Nf3 d6 3.d4 cxd4 4.Nxd4 Nf6 5.Nc3 a6 6.Bg5 e6 7.f4 Qc7 8.Qf3 b5 
9.O-O-O b4 10.e5 Bb7 11.Ncb5 axb5 12.Bxb5+ Nbd7 13.Qh3 b3 14.Qxb3 Bd5 15.
c4 Ne4 16.Rhe1 Nxg5 17.fxg5 Bxc4 18.exd6 Bxb3+ 19.dxc7 Bxd1 20.Rxd1 Bd6 
21.Nxe6 Ke7 22.Nxg7 Bf4+ 23.Kb1 Nb6 24.Nf5+ Ke6 25.Nd4+ Kd6 26.g3 Bxg5 27.
Nf3+ Kc5 28.a4 f6 29.Rd4 Nc8 30.Rc4+ Kb6 31.Rc6+ Kb7 32.Nd4 Be3 33.Ne6 Na7
34.Nd8+ Kc8 35.Ba6+ Kd7 36.Rc3 Bd4 37.Rd3 Kxc7 38.Ne6+ Kb6 39.Rxd4 Nc6 40.
Bb5 Nxd4 41.Nxd4 Rhd8 42.Nf5 Rd2 43.h4 Kc5 44.Ka2 Rf2 45.Ng7 Rg8 46.Nh5 
Rf5 47.Be2 Kb4 48.Bd1 Rf2 49.Nf4 0-1

[Event "9th Asia-ch"]
[Site "Mashhad IRI"]
[Date "2011.05.04"]
[Round "3.14"]
[White "Paragua, Mark"]
[Black "Hussein, Hussein Ali"]
[Result "1/2-1/2"]
[WhiteElo "2542"]
[BlackElo "2394"]
[EventDate "2011.05.02"]
[PlyCount "111"]

1.d4 Nf6 2.c4 d6 3.Nf3 Nbd7 4.Nc3 e5 5.e4 Be7 6.Be2 O-O 7.O-O c6 8.Qc2 a6 
9.Rd1 Qc7 10.Bg5 Re8 11.Rac1 Nf8 12.h3 h6 13.Be3 Ng6 14.Bf1 Bf8 15.g3 exd4
16.Nxd4 Bd7 17.Bg2 Rad8 18.Nf5 c5 19.g4 Bc6 20.g5 hxg5 21.Bxg5 Be7 22.Qe2 
Nf8 23.Be3 N8h7 24.Bf4 Bf8 25.Qd3 Re6 26.Ne3 Rde8 27.Ned5 Qd8 28.Bh2 Bxd5 
29.cxd5 R6e7 30.a4 Rc7 31.Re1 Nd7 32.Nd1 Ne5 33.Qe2 Nf6 34.Ne3 Ng6 35.Qd3 
Qd7 36.Nf5 Ne5 37.Qf1 c4 38.Bxe5 Rxe5 39.Nd4 Qxa4 40.f4 Re8 41.Kh1 Qa5 42.
e5 dxe5 43.fxe5 Nxd5 44.e6 Nf6 45.exf7+ Rxf7 46.Rxe8 Nxe8 47.Qxc4 Nf6 48.
Ne6 Bd6 49.Qd4 Bf8 50.Nd8 Rc7 51.Rxc7 Qxc7 52.Bd5+ Nxd5 53.Qxd5+ Kh8 54.
Qh5+ Kg8 55.Qd5+ Kh8 56.Qh5+ 1/2-1/2

[Event "9th Asia-ch"]
[Site "Mashhad IRI"]
[Date "2011.05.04"]
[Round "3.15"]
[White "Wang Chen"]
[Black "Moradiabadi, Elshan"]
[Result "1/2-1/2"]
[WhiteElo "2436"]
[BlackElo "2536"]
[EventDate "2011.05.02"]
[PlyCount "138"]

1.e4 c5 2.Nf3 e6 3.b3 a6 4.Bb2 Nc6 5.d4 cxd4 6.Nxd4 Qf6 7.c3 Bc5 8.g3 h5 
9.h4 e5 10.Nf3 d6 11.Nbd2 Bg4 12.Bg2 Nge7 13.O-O O-O 14.Qe1 Qg6 15.Nh2 Be6
16.Kh1 d5 17.exd5 Bxd5 18.Ne4 Bb6 19.c4 Be6 20.Nd6 Rad8 21.Nxb7 Rd7 22.c5 
Ba7 23.Na5 Bf5 24.Bxe5 Bxc5 25.Nxc6 Nxc6 26.Rc1 Nxe5 27.Qxe5 Bd4 28.Qf4 
Bd3 29.Rfd1 Bb2 30.Rc5 Rfd8 31.Re1 Bd4 32.Rc6 Qf5 33.Kg1 a5 34.Qxf5 Bxf5 
35.Nf3 Bf6 36.Rc5 g6 37.Re3 Rd1+ 38.Kh2 R8d5 39.Rc7 Rd7 40.Rc6 R7d6 41.Rc5
R6d5 42.Rc7 Rd7 43.Rxd7 Rxd7 44.Bh3 Bxh3 45.Kxh3 Rc7 46.Re2 Kg7 47.Kg2 Rc5
48.Ne1 Bd8 49.Nd3 Rd5 50.Nb2 Kf6 51.Nc4 Be7 52.Kf3 Bb4 53.Re8 Rd1 54.Re2 
Rc1 55.Ke4 a4 56.Kd5 axb3 57.axb3 Rd1+ 58.Kc6 Rd3 59.Re3 Rxe3 60.Nxe3 Be1 
61.Nd1 Ke5 62.Kc5 Ke4 63.Kd6 Kf3 64.Ke7 Ke2 65.Kxf7 Kxd1 66.Kxg6 Bxf2 67.
Kxh5 Bxg3 68.b4 Kc2 69.b5 Kb3 1/2-1/2

[Event "9th Asia-ch"]
[Site "Mashhad IRI"]
[Date "2011.05.04"]
[Round "3.16"]
[White "Ahmadinia, Ebrahim"]
[Black "Kunte, Abhijit"]
[Result "0-1"]
[WhiteElo "2429"]
[BlackElo "2526"]
[EventDate "2011.05.02"]
[PlyCount "108"]

1.e4 c5 2.c3 Nf6 3.e5 Nd5 4.d4 cxd4 5.Nf3 d6 6.cxd4 Nc6 7.Bc4 Nb6 8.Bb5 
Bd7 9.Nc3 dxe5 10.dxe5 g6 11.O-O Bg7 12.Qe2 O-O 13.Rd1 Qc7 14.Bf4 Bg4 15.
Rac1 Rad8 16.Bxc6 Qxc6 17.Rxd8 Rxd8 18.Ne4 Qd5 19.Nc5 Rc8 20.b4 Qc6 21.Nb3
Qd7 22.Rxc8+ Qxc8 23.h3 Be6 24.Nc5 Bd5 25.Qd3 Bxa2 26.Qa3 Bd5 27.Qxa7 Nc4 
28.Nd3 h6 29.Qd4 Qc6 30.Nfe1 Nd6 31.Qe3 Nf5 32.Qc5 Qxc5 33.bxc5 g5 34.Bc1 
Nd4 35.Bb2 Nc6 36.Nc2 Bc4 37.Ncb4 Nd8 38.f3 f5 39.Kf2 Kf7 40.Ke3 Bb5 41.g3
Ne6 42.f4 Kg6 43.Bc3 h5 44.h4 gxh4 45.gxh4 Kf7 46.Be1 Bh6 47.Bf2 Nf8 48.
Ne1 Ng6 49.Ned3 e6 50.Kf3 Bf8 51.Ne1 Be7 52.Ng2 b6 53.Kg3 bxc5 54.Nc2 Bc6 
0-1

[Event "9th Asia-ch"]
[Site "Mashhad IRI"]
[Date "2011.05.04"]
[Round "3.17"]
[White "Laylo, Darwin"]
[Black "Bakr, Jwan"]
[Result "1-0"]
[WhiteElo "2516"]
[BlackElo "2368"]
[EventDate "2011.05.02"]
[PlyCount "61"]

1.d4 Nf6 2.c4 e6 3.Nf3 c5 4.d5 exd5 5.cxd5 Bd6 6.Nc3 Bc7 7.Bg5 d6 8.e3 O-O
9.Bd3 Nbd7 10.O-O a6 11.a4 Re8 12.Nd2 Rb8 13.Qc2 h6 14.Bh4 Ba5 15.Nc4 Bxc3
16.bxc3 Ne5 17.Nxe5 Rxe5 18.c4 b5 19.axb5 axb5 20.cxb5 Rxd5 21.Bc4 Rh5 22.
Bg3 Bf5 23.Qb3 d5 24.Be2 Bg4 25.f3 Bd7 26.Bxb8 Qxb8 27.f4 Bg4 28.Bxg4 Nxg4
29.Qd1 Nf6 30.Ra6 Rf5 31.g4 1-0

[Event "9th Asia-ch"]
[Site "Mashhad IRI"]
[Date "2011.05.04"]
[Round "3.18"]
[White "Sadeh, Shahin"]
[Black "Djao Thien Hai"]
[Result "0-1"]
[WhiteElo "2343"]
[BlackElo "2512"]
[EventDate "2011.05.02"]
[PlyCount "94"]

1.g3 d5 2.Bg2 c5 3.Nf3 Nc6 4.d4 Bg4 5.Ne5 Bf5 6.Nxc6 bxc6 7.c4 e6 8.Qa4 
Qd7 9.O-O Nf6 10.Nc3 cxd4 11.cxd5 cxd5 12.Qxd4 Rc8 13.Bg5 Rc4 14.Qd2 Be7 
15.Rac1 h6 16.Bxf6 Bxf6 17.e4 dxe4 18.Qxd7+ Kxd7 19.Rfd1+ Ke7 20.Nxe4 Rxc1
21.Rxc1 Be5 22.Rc5 f6 23.Rb5 Rc8 24.Rb7+ Kf8 25.h3 Rc1+ 26.Kh2 Rc2 27.f3 
Rxb2 28.Rxa7 Kg8 29.a4 Bxe4 30.fxe4 Rb3 31.Ra8+ Kf7 32.a5 Rxg3 33.a6 Ra3+ 
34.Kg1 Bd4+ 35.Kh2 Kg6 36.Bf1 Kg5 37.Re8 e5 38.Rg8 Kf4 39.Rxg7 Kxe4 40.Rg6
f5 41.Rxh6 Ke3 42.Kg3 Ra1 43.Bb5 Rb1 44.Bc4 Rg1+ 45.Kh2 Kf2 46.Rh4 Rg2+ 
47.Kh1 Kg3 0-1

[Event "9th Asia-ch"]
[Site "Mashhad IRI"]
[Date "2011.05.04"]
[Round "3.19"]
[White "Kasimdzhanov, Rustam"]
[Black "Khademi, Mohammad Miran"]
[Result "1-0"]
[WhiteElo "2685"]
[BlackElo "2308"]
[EventDate "2011.05.02"]
[PlyCount "79"]

1.d4 f5 2.g3 Nf6 3.Bg2 g6 4.c3 Bg7 5.Qb3 c6 6.Nd2 Qb6 7.Nc4 Qa6 8.Nh3 d5 
9.Ne5 Nbd7 10.Nd3 Ne4 11.Nhf4 Kf7 12.h4 Qc4 13.h5 a5 14.Nh3 Qxb3 15.axb3 
e5 16.dxe5 Nxe5 17.Bf4 Nxd3+ 18.exd3 Nc5 19.O-O-O Re8 20.Kc2 d4 21.Rhe1 
Bd7 22.Bd6 Ne6 23.c4 Bf8 24.Bxf8 Kxf8 25.Ra1 b6 26.hxg6 hxg6 27.b4 Kf7 28.
bxa5 bxa5 29.Ng1 Kf6 30.Nf3 Rec8 31.Ne5 Be8 32.f4 a4 33.Rh1 Ra6 34.Rh8 
Rca8 35.Bf3 Ke7 36.Rah1 a3 37.R1h7+ Kd6 38.b4 a2 39.Rxe8 R8a7 40.c5+ 1-0

[Event "9th Asia-ch"]
[Site "Mashhad IRI"]
[Date "2011.05.04"]
[Round "3.20"]
[White "Gao Rui"]
[Black "Gomez, John Paul"]
[Result "0-1"]
[WhiteElo "2419"]
[BlackElo "2538"]
[EventDate "2011.05.02"]
[PlyCount "78"]

1.e4 e6 2.d4 d5 3.Nc3 Nf6 4.e5 Nfd7 5.f4 c5 6.Nf3 Nc6 7.Be3 a6 8.Qd2 b5 9.
a3 Bb7 10.Bd3 Be7 11.O-O O-O 12.Qf2 f6 13.exf6 Nxf6 14.Qg3 Qb6 15.dxc5 
Bxc5 16.Bxc5 Qxc5+ 17.Kh1 b4 18.Ne2 Rae8 19.axb4 Qxb4 20.c3 Qb6 21.Nfd4 
Nxd4 22.Nxd4 Ne4 23.Qe3 Rf6 24.Kg1 Ref8 25.Rac1 a5 26.b3 Ba6 27.c4 Nc5 28.
Nb5 e5 29.Kh1 Nxd3 30.Qxd3 dxc4 31.bxc4 exf4 32.Nc3 Qe3 33.Qd5+ Qe6 34.
Qxa5 Bxc4 35.Rfe1 Qg4 36.Re4 Rg6 37.Rg1 Rh6 38.Rb1 Qg3 39.h3 f3 0-1

[Event "9th Asia-ch"]
[Site "Mashhad IRI"]
[Date "2011.05.04"]
[Round "3.21"]
[White "Yang Kaiqi"]
[Black "Shyam Sundar, M."]
[Result "1-0"]
[WhiteElo "2409"]
[BlackElo "2457"]
[EventDate "2011.05.02"]
[PlyCount "67"]

1.e4 e6 2.d4 d5 3.Nd2 Nf6 4.e5 Nfd7 5.Bd3 c5 6.c3 Nc6 7.Ne2 cxd4 8.cxd4 f6
9.Nf4 Nxd4 10.Qh5+ Ke7 11.exf6+ Nxf6 12.Ng6+ hxg6 13.Qxh8 Kf7 14.Qh4 e5 
15.Nf3 Nxf3+ 16.gxf3 Bf5 17.Bxf5 gxf5 18.Bg5 Qb6 19.O-O d4 20.Rac1 Nd5 21.
Rc4 Qg6 22.Kh1 Kg8 23.Rfc1 Qe6 24.Qh3 Bd6 25.Rg1 Bf8 26.b3 b5 27.Rcc1 Nc3 
28.Rce1 Re8 29.Bd2 Be7 30.Rg5 Bxg5 31.Bxg5 Kf8 32.Qh7 Re7 33.Qh8+ Kf7 34.
Bd2 1-0

[Event "9th Asia-ch"]
[Site "Mashhad IRI"]
[Date "2011.05.04"]
[Round "3.22"]
[White "Debashis, Das"]
[Black "Vaibhav, Suri"]
[Result "1-0"]
[WhiteElo "2392"]
[BlackElo "2430"]
[EventDate "2011.05.02"]
[PlyCount "107"]

1.c4 e6 2.Nc3 Nf6 3.e4 c5 4.e5 Ng8 5.Nf3 Nc6 6.d4 cxd4 7.Nxd4 Nxe5 8.Ndb5 
a6 9.Nd6+ Bxd6 10.Qxd6 f6 11.Be3 Ne7 12.Bb6 Nf5 13.Qc5 d6 14.Qa5 Qd7 15.f4
Nc6 16.Qa3 O-O 17.O-O-O e5 18.g4 Nfd4 19.f5 a5 20.Nd5 Ra6 21.c5 Nb4 22.
Bxa6 Nxa6 23.Rhe1 Qb5 24.Kb1 Bd7 25.Ne7+ Kf7 26.Rxd4 exd4 27.Qf3 Bc6 28.
Nxc6 bxc6 29.Qe4 Kg8 30.Qe6+ Kh8 31.Qxd6 Qd3+ 32.Ka1 Rg8 33.Bxa5 Qb5 34.
Bd2 Nxc5 35.Qxd4 Nd3 36.Rd1 c5 37.Qc3 Ra8 38.a3 c4 39.g5 Rf8 40.gxf6 Rxf6 
41.Bg5 Rf8 42.Be7 Rb8 43.f6 Kg8 44.Rg1 g6 45.f7+ Kxf7 46.Qf6+ Ke8 47.Bb4 
Kd7 48.Qe7+ Kc6 49.Rf1 Qd5 50.Rf6+ Kb5 51.a4+ Kxa4 52.Ra6+ Kb3 53.Ra3+ Kc2
54.Qe2+ 1-0

[Event "9th Asia-ch"]
[Site "Mashhad IRI"]
[Date "2011.05.04"]
[Round "3.23"]
[White "Noroozi, Omid"]
[Black "Hou Yifan"]
[Result "1-0"]
[WhiteElo "2340"]
[BlackElo "2612"]
[EventDate "2011.05.02"]
[PlyCount "117"]

1.c4 c5 2.Nf3 Nc6 3.Nc3 Nd4 4.Ng1 Nc6 5.Nf3 g6 6.e3 Bg7 7.d4 d6 8.d5 Na5 
9.Bd3 Nf6 10.O-O O-O 11.e4 e5 12.h3 b6 13.Bg5 Qe8 14.Qd2 Nh5 15.g4 Nf6 16.
Nh4 Kh8 17.f4 exf4 18.Bxf4 Nb7 19.Qh2 Nd7 20.Nb5 Ne5 21.Be2 f6 22.Nf3 Qe7 
23.Rae1 Bd7 24.Nc3 Rae8 25.Qg3 Nd8 26.Nxe5 dxe5 27.Bd2 Nf7 28.h4 Nd6 29.
Bd3 f5 30.exf5 gxf5 31.g5 e4 32.Bf4 Be5 33.Be2 Qg7 34.Nd1 Rg8 35.Ne3 h6 
36.Kh2 hxg5 37.hxg5 Qh7+ 38.Kg2 Bxf4 39.Qxf4 Qe7 40.Rh1+ Kg7 41.Rh7+ Kxh7 
42.Qh4+ Kg7 43.Qh6+ Kf7 44.Bh5+ Rg6 45.Bxg6+ Kg8 46.Bxe8 Nxe8 47.Rh1 Qe5 
48.Qh7+ Kf8 49.Qh8+ Qxh8 50.Rxh8+ Kg7 51.Rh6 f4 52.Nd1 Bg4 53.Nf2 Bf5 54.
Nh3 f3+ 55.Kg3 Bxh3 56.Kxh3 e3 57.Kg3 f2 58.Kg2 Kf7 59.Re6 1-0

[Event "9th Asia-ch"]
[Site "Mashhad IRI"]
[Date "2011.05.04"]
[Round "3.24"]
[White "Santosh Gujrathi, Vidit"]
[Black "Yang Ching Wei, Austin"]
[Result "1-0"]
[WhiteElo "2495"]
[BlackElo "1717"]
[EventDate "2011.05.02"]
[PlyCount "61"]

1.d4 Nf6 2.c4 g6 3.g3 Bg7 4.Bg2 d6 5.Nf3 O-O 6.O-O c5 7.d5 Nbd7 8.Nc3 Ng4 
9.h3 Nge5 10.Nd2 Nb6 11.Qb3 f5 12.f4 Nf7 13.Qc2 Rb8 14.b3 e5 15.dxe6 Bxe6 
16.Ba3 Re8 17.Rad1 Qe7 18.Rfe1 Bd7 19.e4 fxe4 20.Ndxe4 Bf5 21.Qd2 Bd4+ 22.
Kh2 Bxe4 23.Nxe4 Qf8 24.Bb2 Bxb2 25.Qxb2 Qg7 26.Qa3 Nc8 27.Nf6+ Qxf6 28.
Rxe8+ Kg7 29.Qa5 b6 30.Qb5 d5 31.Qd7 1-0

[Event "9th Asia-ch"]
[Site "Mashhad IRI"]
[Date "2011.05.04"]
[Round "3.25"]
[White "Arabi, Saeid"]
[Black "Annageldiev, Orazly"]
[Result "1-0"]
[WhiteElo "2159"]
[BlackElo "2418"]
[EventDate "2011.05.02"]
[PlyCount "99"]

1.d4 Nf6 2.c4 e6 3.g3 c5 4.d5 exd5 5.cxd5 d6 6.Nc3 g6 7.Bg2 Bg7 8.Nf3 O-O 
9.O-O Re8 10.Nd2 Nbd7 11.h3 a6 12.a4 Rb8 13.Nc4 Nb6 14.Na3 Bd7 15.Bf4 Qc7 
16.a5 Nc8 17.Nc4 Nh5 18.Bd2 b5 19.axb6 Nxb6 20.Na5 Bb5 21.Nxb5 axb5 22.Nc6
Ra8 23.Rxa8 Rxa8 24.Qb3 b4 25.e4 Ra4 26.Be3 Nf6 27.e5 Nfd7 28.e6 Nf6 29.e7
Ra8 30.f4 Nc8 31.f5 Nxe7 32.fxg6 fxg6 33.Nxe7+ Qxe7 34.Bxc5 Nh5 35.g4 Nf6 
36.Bf2 Rb8 37.Re1 Qc7 38.Bd4 Nxg4 39.Bxg7 Qa7+ 40.Kh1 Nf2+ 41.Kh2 Kxg7 42.
Qg3 Rd8 43.Qh4 Rd7 44.Qxb4 h5 45.Qc3+ Kh7 46.Re8 Rg7 47.Qc8 Rf7 48.Rh8+ 
Kg7 49.Qc3+ Rf6 50.Rc8 1-0

[Event "9th Asia-ch"]
[Site "Mashhad IRI"]
[Date "2011.05.05"]
[Round "4.1"]
[White "Harikrishna, Pentala"]
[Black "Bu Xiangzhi"]
[Result "1/2-1/2"]
[WhiteElo "2666"]
[BlackElo "2662"]
[EventDate "2011.05.02"]
[PlyCount "81"]

1.d4 d5 2.c4 c6 3.Nf3 Nf6 4.Nc3 dxc4 5.a4 Bf5 6.Ne5 Nbd7 7.Nxc4 Nb6 8.Ne5 
a5 9.f3 Nfd7 10.Nxd7 Nxd7 11.e4 Bg6 12.Be2 e6 13.O-O Bb4 14.Be3 O-O 15.Qb3
Qb6 16.Bf2 Bc5 17.Qxb6 Bxb6 18.Bc4 e5 19.Rfd1 Rfd8 20.Ne2 Kf8 21.Kf1 f6 
22.Rac1 Bf7 23.Bxf7 Kxf7 24.dxe5 Bxf2 25.e6+ Kxe6 26.Kxf2 Ke7 27.Nd4 g6 
28.Ke2 Nf8 29.f4 Ne6 30.Nxe6 Rxd1 31.Rxd1 Kxe6 32.Rd3 Rb8 33.g4 b5 34.axb5
Rxb5 35.b3 Rb4 36.Ke3 a4 37.bxa4 Rxa4 38.Rc3 Kd6 39.h4 h6 40.Rd3+ Ke6 41.
Rc3 1/2-1/2

[Event "9th Asia-ch"]
[Site "Mashhad IRI"]
[Date "2011.05.05"]
[Round "4.2"]
[White "Sasikiran, Krishnan"]
[Black "Zhumabaev, Rinat"]
[Result "1/2-1/2"]
[WhiteElo "2676"]
[BlackElo "2558"]
[EventDate "2011.05.02"]
[PlyCount "83"]

1.d4 d5 2.c4 c6 3.Nf3 Nf6 4.Nc3 e6 5.e3 Nbd7 6.Qc2 Bd6 7.Bd3 O-O 8.O-O e5 
9.cxd5 cxd5 10.e4 dxe4 11.Nxe4 Nxe4 12.Bxe4 h6 13.Be3 exd4 14.Bh7+ Kh8 15.
Bxd4 Nf6 16.Bf5 Qa5 17.Bxc8 Rfxc8 18.Qb3 Qd5 19.Rfd1 Qxb3 20.axb3 Rd8 21.
g3 a6 22.Rac1 Ne8 23.Nh4 Bc7 24.Nf5 Kh7 25.Kg2 Rd5 26.Ne3 Rd7 27.Bc3 Rad8 
28.Rxd7 Rxd7 29.Re1 Kg6 30.f4 Nf6 31.Kf3 h5 32.Rc1 Bb8 33.Re1 Rd3 34.Ke2 
Rd7 35.Kf3 Rd3 36.Rd1 Rxd1 37.Nxd1 Ba7 38.h3 Nd5 39.f5+ Kxf5 40.Bxg7 f6 
41.Bh6 Bd4 42.Bd2 1/2-1/2

[Event "9th Asia-ch"]
[Site "Mashhad IRI"]
[Date "2011.05.05"]
[Round "4.3"]
[White "Yu Yangyi"]
[Black "Pourramezanali, Amirreza"]
[Result "1-0"]
[WhiteElo "2646"]
[BlackElo "2330"]
[EventDate "2011.05.02"]
[PlyCount "49"]

1.d4 d5 2.c4 c6 3.Nf3 Nf6 4.Nc3 e6 5.g3 dxc4 6.Bg2 b5 7.O-O Bb7 8.a4 a6 9.
Ne5 Qc8 10.e4 Nbd7 11.Nxd7 Qxd7 12.e5 Nd5 13.Ne4 Nb6 14.b3 cxb3 15.Qxb3 
Nxa4 16.Ba3 c5 17.dxc5 Bxe4 18.Bxe4 Rc8 19.Rad1 Qa7 20.Qf3 Be7 21.Bc6+ Kf8
22.Bd7 Rc7 23.Bxe6 f6 24.exf6 gxf6 25.Qh5 1-0

[Event "9th Asia-ch"]
[Site "Mashhad IRI"]
[Date "2011.05.05"]
[Round "4.4"]
[White "Negi, Parimarjan"]
[Black "Wen Yang"]
[Result "1-0"]
[WhiteElo "2622"]
[BlackElo "2545"]
[EventDate "2011.05.02"]
[PlyCount "71"]

1.e4 c5 2.Nf3 d6 3.d4 cxd4 4.Nxd4 Nf6 5.Nc3 a6 6.Bg5 e6 7.f4 Be7 8.Qf3 Qc7
9.O-O-O Nbd7 10.f5 Ne5 11.Qg3 b5 12.fxe6 fxe6 13.Bd3 O-O 14.Rhf1 Bd7 15.
Kb1 Rf7 16.Nf3 Nxd3 17.cxd3 b4 18.Ne2 Raf8 19.Be3 Qb7 20.Ka1 e5 21.Qe1 Nh5
22.Ng3 Nxg3 23.Qxg3 Be6 24.Rf2 Bxa2 25.Kxa2 b3+ 26.Kb1 Qc6 27.Qh3 Qa4 28.
Qe6 d5 29.Nd2 d4 30.Rxf7 Rxf7 31.Rf1 Bf6 32.Nxb3 dxe3 33.Rc1 Qd7 34.Rc8+ 
Bd8 35.Nc5 Qxe6 36.Rxd8+ 1-0

[Event "9th Asia-ch"]
[Site "Mashhad IRI"]
[Date "2011.05.05"]
[Round "4.5"]
[White "Adhiban, Baskaran"]
[Black "So, Wesley"]
[Result "1-0"]
[WhiteElo "2543"]
[BlackElo "2667"]
[EventDate "2011.05.02"]
[PlyCount "103"]

1.d4 d5 2.c4 c6 3.Nf3 Nf6 4.Nc3 e6 5.g3 dxc4 6.Bg2 Nbd7 7.O-O Be7 8.e4 O-O
9.Bf4 b5 10.d5 Qb6 11.dxc6 Nc5 12.e5 Nd5 13.Bg5 Rd8 14.Qc2 Bxg5 15.Nxg5 
Nd3 16.a4 b4 17.Nb5 h6 18.Nf3 Ba6 19.b3 Ne3 20.fxe3 Qxe3+ 21.Kh1 cxb3 22.
Qd2 Qc5 23.Nc7 b2 24.Rab1 Qxc6 25.Nxa8 Qxa8 26.Qe3 Qc8 27.Qxa7 Bb7 28.Ne1 
Bxg2+ 29.Nxg2 Rd7 30.Qe3 Qc2 31.a5 Nc5 32.a6 Nxa6 33.Qf2 Rd2 34.Qxf7+ Kh7 
35.Ne3 Rxh2+ 36.Kg1 Qd2 37.Rf2 Rxf2 38.Qxf2 Qc1+ 39.Qe1 Qc3 40.Qe2 Qc1+ 
41.Qe1 Qc3 42.Kh2 Nc5 43.Qe2 Qxe5 44.Rxb2 b3 45.Nd1 Qf5 46.Nf2 h5 47.Kg2 
e5 48.Qf3 Qg6 49.Qd5 h4 50.Qxc5 Qxg3+ 51.Kf1 h3 52.Qd5 1-0

[Event "9th Asia-ch"]
[Site "Mashhad IRI"]
[Date "2011.05.05"]
[Round "4.6"]
[White "Megaranto, Susanto"]
[Black "Ganguly, Surya Shekhar"]
[Result "1/2-1/2"]
[WhiteElo "2529"]
[BlackElo "2643"]
[EventDate "2011.05.02"]
[PlyCount "88"]

1.d4 d5 2.Nf3 Nf6 3.c4 dxc4 4.e3 e6 5.Bxc4 c5 6.O-O a6 7.a4 b6 8.Nc3 Bb7 
9.Qe2 Nbd7 10.Rd1 Qc7 11.h3 Bd6 12.d5 exd5 13.Nxd5 Nxd5 14.Bxd5 Bxd5 15.
Rxd5 Nf6 16.Rd1 O-O 17.b3 Ne4 18.Bb2 Rfd8 19.Nd2 Nxd2 20.Rxd2 Be5 21.Bxe5 
Qxe5 22.Rad1 Rxd2 23.Qxd2 g6 24.Qd6 Qxd6 25.Rxd6 Rb8 26.Rc6 Kf8 27.Kf1 Rb7
28.Ke2 Ke7 29.g4 Kd7 30.Rf6 Ke7 31.g5 h6 32.h4 hxg5 33.hxg5 a5 34.Kd3 b5 
35.Ra6 bxa4 36.bxa4 Rb3+ 37.Kc4 Rb4+ 38.Kxc5 Rxa4 39.Kd5 Kf8 40.f4 Ra1 41.
Ke5 Kg7 42.e4 a4 43.Ra7 a3 44.Ra8 Ra2 1/2-1/2